000 00390nam a22001217a 4500
999 _c15076
_d15076
008 200304b ||||| |||| 00| 0 eng d
100 _941788
_aRomero, Paolo.
245 _aGov't offers free education to unemployed college dropouts/
_cPaolo Romero.
260 _aPhilippines;
_bThe Philippine Star,
_c©2019.
300 _apage 12;
_c29.5cm.
650 _aEducation.
_941789
942 _2ddc
_cPER